Sports Quiz

Random Sports or Soccer Quiz

All-Time Champions League Goalkeepers by Club Quiz Stats

Quiz Updated Jul 13, 2017

Challenge
Share
Tweet
Embed
Score 0/103 Timer 15:00
1 Play Today
Hint Answer % Correct
ChelseaPetr Cech
89.6%
BarcelonaVictor Valdes
87.7%
AjaxEdwin Van der Sar
87%
Manchester UnitedEdwin Van der Sar
87%
Real MadridIker Casillas
86.3%
JuventusGianluigi Buffon
86%
Bayern MunichManuel Neuer
81.2%
SchalkeManuel Neuer
81.2%
Bayern MunichOliver Kahn
81.2%
AC MilanDida
80.7%
JuventusChristian Abbiati
80%
LiverpoolJose Manuel Reina
76.6%
ArsenalJens Lehmann
74%
Borussia DortmundJens Lehmann
74%
ArsenalDavid Seaman
72.1%
Atlético MadridThibaut Courtois
70.7%
BarcelonaMarc-André ter Stegen
68.1%
Manchester UnitedFabien Barthez
66.3%
MonacoFabien Barthez
66.3%
Atlético MadridJan Oblak
65.7%
Inter MilanJulio Cesar
63.4%
LiverpoolJerzy Dudek
62.5%
Manchester UnitedPeter Schmeichel
59.8%
Real MadridCesar Sanchez
56.8%
LyonHugo Lloris
54%
Real MadridKeylor Navas
53.5%
AC MilanChristian Abbiati
53%
ValenciaSantiago Cañizares
49.5%
ChelseaCarlo Cudicini
48.2%
Paris St GermainSalvatore Sirigu
48.2%
ArsenalManuel Almunia
47.5%
MarseilleSteve Mandanda
46.1%
Borussia DortmundRoman Weidenfeller
42.6%
Inter MilanFrancesco Toldo
42.2%
AjaxMaarten Stekelenburg
39.9%
Hint Answer % Correct
Bayer LeverkusenHans-Jorg Butt
39.1%
Bayern MunichHans-Jorg Butt
39.1%
PortoVitor Baia
38.7%
MonacoDanijel Subašić
36.2%
LyonGregory Coupet
35.9%
JuventusAngelo Peruzzi
32.5%
LazioAngelo Peruzzi
32.5%
CelticFraser Forster
32.2%
VillarrealDiego Lopez
30.7%
PortoIker Casillas
30%
CelticArtur Boruc
29.9%
ChelseaEd de Goey
28.7%
GalatasarayFernando Muslera
25.9%
Sporting LisbonRicardo...
25.6%
PortoHelton
25.6%
Sporting LisbonRui Patricio
24.8%
PSV EindhovenHeurelho Gomes
23.7%
Paris St GermainKevin Trapp
23.1%
Bayer LeverkusenBernd Leno
22.7%
AC MilanSebastiano Rossi
22.7%
Werder BremenTim Wiese
22.6%
OlympiakosAntonios Nikopolidis
21.8%
Borussia DortmundStefan Klos
20.5%
RangersStefan Klos
20.5%
RangersAllan McGregor
20.5%
RomaDoni
19.7%
Inter MilanGianluca Pagliuca
19.2%
Shakhtar DonetskAndrei Pyatov
17.5%
MonacoFlavio Roma
17.4%
ValenciaDiego Alves
16.9%
GalatasarayClaudio Taffarel
16.6%
BarcelonaRuud Hesp
16.5%
Dynamo KyivOleksandr Shovkovskiy
14%
Deportivo La CoruñaJose Molina
13.8%
Atlético MadridJosé Molina
13.2%
Hint Answer % Correct
SchalkeRalf Fährmann
12.9%
LiverpoolChristopher Kirkland
12.5%
SchalkeTimo Hildebrand
12.4%
RangersAndy Goram
11.8%
BenficaQuim
11.8%
MarseilleFabien Barthez
11.7%
AjaxBogdan Lobont
10.8%
LyonAnthony Lopes
10.7%
PSV EindhovenJeroen Zoet
10.4%
LazioLuca Marchegiani
8.4%
ValenciaAndres Palop
8.4%
GalatasarayFaryd Mondragon
7.8%
CelticMagnus Hedman
7.3%
PSV EindhovenRonald Waterreus
7.2%
BenficaArtur Moraes
7.2%
RomaFrancesco Antonioli
7%
Paris St GermainLionel Letizi
6.3%
Deportivo La CoruñaJacques Songo'o
4.7%
MarseilleStephane Porato
4.7%
RomaIvan Pelizzoli
4.5%
BenficaMichel Preud'homme
4.1%
Werder BremenOliver Reck
3.9%
LazioMarco Ballotta
3.8%
Werder BremenAndreas Reinke
3.6%
OlympiakosDimitrios Eleftheropoulos
2.9%
VillarrealSebastian Viera
2.8%
Deportivo La CoruñaJuanmi
2.4%
VillarrealMariano Barbosa
2%
Dynamo KyivVitaly Reva
1.6%
Bayer LeverkusenDirk Heinen
1.2%
Shakhtar DonetskYuriy Virt...
0.9%
Dynamo KyivStanislav Bogush
0.5%
OlympiakosRoberto Gago
0.5%

You're not logged in!

Compare scores with friends on all Sporcle quizzes.
Sign Up with Email
OR
Log In

You Might Also Like...

Show Comments

Extras

Top Quizzes Today


Score Distribution

Your Account Isn't Verified!

In order to create a playlist on Sporcle, you need to verify the email address you used during registration. Go to your Sporcle Settings to finish the process.